000 00843cab a2200241 4500
001 WB3421-38
008 090401t1998 xxu||||| |||| 00| 0 eng d
035 _a(Sirsi) u86569
041 _aeng
245 2 _aA home and away win
260 _c1998
350 _a0
490 _aTimes
_v3 June 1998, 39(1)
520 _aThe practices of dozens of property search firms are to come under review after West London County Court ruled that a firm which charged a client £640 for expenses, despite failing to find her a country cottage to rent had broken the law.
650 _aACCOMMODATION AGENCIES ACT 1953
650 _aFARHANGI
650 _aHOME HUNTERS
650 _aSEARCH SERVICES
650 _aWEST LONDON COUNTY COURT
690 _aMANAGEMENT-BUSINESS MANAGEMENT-PROFESSIONAL PRACTICE
942 _n0
948 _c03/06/1998
999 _c54498
_d54498